Canisterapie - praktický rádce

Saved in:
Bibliographic Details
Main Author Adámková, Marie (Author)
Format Book
LanguageCzech
Published Praha : Nakladatelství Plot, 2026
EditionVydání první
Subjects
ISBN978-80-7428-508-0
Physical Description149 stran : barevné ilustrace ; 21 cm

Cover

LEADER 00000aam a2200000 i 4500
001 115717
003 CZ-ZlUTB
005 20260529085401.0
007 ta
008 260417s2026 xr a e f 000 0 cze d
015 |a cnb003756079 
020 |a 978-80-7428-508-0  |q (brožováno) 
040 |a TUG001  |b cze  |d ZLD002  |e rda 
072 7 |a 615.8  |x Fyzioterapie. Psychoterapie. Alternativní lékařství  |2 Konspekt  |9 14 
080 |a 615.851:636.7  |2 MRF 
080 |a 179.3  |2 MRF 
080 |a 636.7  |2 MRF 
080 |a (035)  |2 MRF 
100 1 |a Adámková, Marie  |4 aut 
245 1 0 |a Canisterapie - praktický rádce /  |c Marie Adámková 
250 |a Vydání první 
264 1 |a Praha :  |b Nakladatelství Plot,  |c 2026 
300 |a 149 stran :  |b barevné ilustrace ;  |c 21 cm 
336 |a text  |b txt  |2 rdacontent 
337 |a bez média  |b n  |2 rdamedia 
338 |a svazek  |b nc  |2 rdacarrier 
650 0 7 |a canisterapie  |7 ph114222  |2 czenas 
650 0 7 |a člověk a zvíře  |7 ph128185  |2 czenas 
650 0 7 |a psi  |7 ph115940  |2 czenas 
650 0 9 |a canistherapy  |2 eczenas 
650 0 9 |a human-animal relationships  |2 eczenas 
650 0 9 |a dogs  |2 eczenas 
655 7 |a příručky  |7 fd133209  |2 czenas 
655 9 |a handbooks and manuals  |2 eczenas 
710 2 |a Nakladatelství Plot  |7 kv2007363905  |4 pbl 
910 |a ZLD002 
942 |2 udc 
952 |0 0  |1 0  |4 0  |6 6158ADÁMKOVÁM  |7 0  |8 BOOK  |9 191307  |a UTBZL  |b UTBZL  |c 005  |d 2026-05-26  |l 0  |o 615.8/ADÁMKOVÁ,M.  |p 420010202013  |r 2026-05-26 08:58:59  |v 299.00  |w 2026-05-26  |x N:nákup  |y 01 
952 |0 0  |1 0  |4 0  |6 6158ADÁMKOVÁM  |7 0  |8 BOOK  |9 191308  |a UTBZL  |b UTBZL  |c 006  |d 2026-05-26  |l 0  |o 615.8/ADÁMKOVÁ,M.  |p 420010202014  |r 2026-05-26 08:59:39  |v 299.00  |w 2026-05-26  |x N:nákup  |y 04 
992 |a BK  |b SK 
999 |c 115717  |d 115717